00598nam a2200157 a 4500008004100000050001600041100002000057245003900077246003900116260003200155300001500187350000900202995008800211999001700299952012400316120416s1977 ||||||||||||||||| || u aHF 5667 Lur aLurie, Adolph G10aWorking with the public accountant aa guide for managers at all levels aNew YorkbMcGraw-Hillc1977 axiv, 299p. a0.00 D0.00FCBU-MAIN LIBRARY (Kitwe)H1I14.95M1UAVAILABLEZAnnex Low-Usage Collection  c61958d61958 00102lcc4070a001b001cAnnex Low-Usage Collection d2022-11-30l0oHF 5667 Lurp006894r2022-11-30w2022-11-30y002